00423nam a2200157Ia 4500008004100000020001800041082001800059100002500077245003100102250000700133260004100140300002300181500001900204600002700223650001500250240925s9999 xx 000 0 und d a9788131522837 a621.38173 RAS aRashid, Muhammad H. 0aLinear Integrated Circuits aNA aAustralia:bCENGAGE Learningc,2011. a428p.b0fOriginal aIncludes Index aElectronic Engineering aTechnology